Larval culture of penaeid shrimp at the galveston biological laboratory

Salvato in:
Dettagli Bibliografici
Natura: Libro
Lingua:Undetermined
Soggetti:
Tags: Aggiungi Tag
Nessun Tag, puoi essere il primo ad aggiungerne! !
Thư viện lưu trữ: Trung tâm Học liệu Trường Đại học Cần Thơ
LEADER 00405nam a2200121Ia 4500
001 CTU_150692
008 210402s9999 xx 000 0 und d
082 |a 639.63 
082 |b L336 
245 0 |a Larval culture of penaeid shrimp at the galveston biological laboratory 
650 |a Aquaculture,Nuôi trồng thủy sản 
904 |i Trọng Hải 
980 |a Trung tâm Học liệu Trường Đại học Cần Thơ